Responses for show #7940 - Friday, March 1, 2019

2019 All-Star Games wildcard match, game 2.

Contestants

Team Austin (subtotal of $5,200)

Playing the Jeopardy! Round: Leonard Cooper, a graduate student at Brown University from Little Rock, Arkansas

Playing the Double Jeopardy! Round: Roger Craig, a machine learning consultant from Newark, Delaware

Playing the Final Jeopardy! Round: Austin Rogers, a bartender from New York, New York

Team Colby (subtotal of $7,600)

Playing the Jeopardy! Round: Alan Lin, a software engineer from Riverside, California

Playing the Double Jeopardy! Round: Pam Mueller, a think tank researcher from Culver City, California

Playing the Final Jeopardy! Round: Colby Burnett, a college counselor from Chicago, Illinois

Team Buzzy (subtotal of $0)

Playing the Jeopardy! Round: Jennifer Giles, a third grade teacher from Longmont, Colorado

Playing the Double Jeopardy! Round: Alex Jacob, a freelance trivia writer from Greensboro, North Carolina

Playing the Final Jeopardy! Round: Buzzy Cohen, a music executive from Los Angeles, California

Jeopardy! Round responses

NAME THAT TUNA
20th CENTURY BESTSELLERS
THEIR IVY LEAGUE ALMA MATER
TV
VOWEL-POURRI
INVENTORS
    $200 27
Charlie

Jennifer
    $200 28
The Horse Whisperer

Jennifer
    $200 29
Harvard

Leonard
    $200 30
a western

Alan
    $200 26
the Aztecs

Alan
    $200 25
(Leonard: What is chalk?)
(Alan: What's a crayon?)
[Alan's response was originally ruled incorrect, but ruled correct before the second Daily Double of the Double Jeopardy! Round.]

a pencil (or a crayon)

JenniferAlanLeonard
    $400 24
(Leonard: What is yellowtail?)

bluefin

AlanLeonard
    $400 16
H.G. Wells

Leonard
    $400 17
(Leonard: What is [*]?)
[Laughter]
(Alex: You got it.)
(Leonard: Go Bruno!)

Brown University

Leonard
    $400 20
Conan O'Brien

Alan
    $400 22
greenskeeper

Triple Stumper
    $400 21
(Hans) Geiger

Alan
    $600 23
Wicked Tuna

Triple Stumper
    $600 5
Airport

Leonard
    $2,500 18
(Leonard: What is Columbia?)

Princeton

Leonard
    $600 19
Matthew Weiner

Triple Stumper
    $600 9
diphthong

Leonard
    $600 8
a life jacket

Alan
    $800 13
a skipjack

Jennifer
    $800 1
(Leonard: What is The Thief of Bagdad?)

The Sheik

Leonard
Triple Stumper
    $800 4
Yale

Alan
    $800 15
Darryl

Jennifer
    $800 10
a crypt

Leonard
    $800 7
(William) Hoover

Alan
    $1000 14
sashimi

Leonard
    $1000 2
chalice

Leonard
    $1000 3
Dartmouth

Triple Stumper
    $1000 12
The Great British Bake Off

Alan
    $1000 11
facetious

Leonard
    $1000 6
lithography

Alan

Scores at the first commercial break (after clue 15):

Team Buzzy Team Colby Team Austin
$1,600 $4,200 $4,200

Scores at the end of the Jeopardy! Round:

Team Buzzy Team Colby Team Austin
$2,200 $6,000 $2,100

Double Jeopardy! Round responses

HISTORY WITH LESSER-KNOWN PAINTERS
ON THE SOUNDTRACK
REFERENCE WORKS
WHAT DO YOU STAND FOR?
TRAVEL
"E"PONYMOUS
    $400 17
Joan of Arc

Alex
    $400 29
Saturday Night Fever

Roger
    $400 30
stamps

Triple Stumper
    $400 25
radiation

Alex
    $400 24
Stockholm

Alex
    $400 22
Edison

Alex
    $800 18
George Washington Carver

Roger
    $800 28
The Producers

Pam
    $800 27
crocodile

Roger
    $800 26
zone

Alex
    $800 23
Singapore

Pam
    $800 21
Edwardian

Pam
    $1200 2
Custer

Roger
    $1200 11
The Graduate

Roger
    $1200 8
Civil War Battlefields

Roger
    $1200 4
bench press

Roger
    $1200 13
(Pam: What is the Hagia Sophia?)

the Blue Mosque

AlexPam
    $1200 20
the Edsel

Alex
    $1600 1
excommunication

Alex
    $15,600 16
(Alex Jacob: What is... Pretty Woman?)

Pulp Fiction

Alex
    $1600 5
(Pam: What is The Golden Book?)

World Book

Pam
Triple Stumper
    $1600 14
last in, first out

Alex
    $1600 6
Kruger

Alex
    $7,400 7
(Buzzy: [After Alex Jacob gets the Daily Double right] That's what I'm talking about!)

Euclidean geometry

Alex
    $2000 3
Frederick the Great

Alex
    $2000 12
(Alex Jacob: What is Mamma Mia! Here I Go Again?)
(Pam: What is Blade Runner?)
(Roger: What is Blade Runner 2049?)

Deadpool 2

AlexPamRoger
Triple Stumper
    $2000 9
(Denis) Diderot

Pam
    $2000 19
Distant Early Warning

Roger
    $2000 15
Hogmanay

Triple Stumper
    $2000 10
the Erlenmeyer flask

Pam

Scores at the end of the Double Jeopardy! Round:

Team Buzzy Team Colby Team Austin
$3,600 $7,600 $8,900

Final Jeopardy! Round responses

PRESIDENTIAL ELECTION YEARS
(Alex: [To Austin] The man was Dwight David Eisenhower, who was elected in [*].)
BuzzyWhat is 1868? Love U Lucerne
$3,600
ColbyWhat was 1956?
$101
AustinWhat is 1836?
$8,900
1952

Final scores:

Team Buzzy Team Colby Team Austin
$0 $7,499 $0

Cumulative scores:

Team Buzzy Team Colby Team Austin
$0 $15,099 $5,200
3rd place: $75,000 (split three ways) Winner: Finalist 2nd place: $75,000 (split three ways)

Game dynamics:

Coryat scores:

Team Buzzy Team Colby Team Austin
$13,400 $7,600 $11,400
17 R
(including 1 DD),
2 W
(including 1 DD)
16 R,
3 W
17 R,
5 W
(including 1 DD)

Combined Coryat: $32,400

The J! Archive is created by fans, for fans. The Jeopardy! game show and all elements thereof, including but not limited to copyright and trademark thereto, are the property of Jeopardy Productions, Inc. and are protected under law. This website is not affiliated with, sponsored by, or operated by Jeopardy Productions, Inc. Join the discussion at JBoard.tv.